Đại cương văn hóa Phương Đông
Trình bày khái quát các nền văn hóa chính của văn hóa Phương Đông với Văn hóa Trung hoa, văn hóa Ấn Độ và một phần văn hóa Nhật Bản từ khởi thủy hình thành cho đến thời đại ngày nay trên những khía cạnh chính của nền văn hóa: tư tưởng,...
Saved in:
| Main Author: | |
|---|---|
| Other Authors: | |
| Format: | Book |
| Language: | Undetermined |
| Published: |
H.
Giáo dục
2000
|
| Subjects: | |
| Online Access: | http://lrc.tdmu.edu.vn/opac/search/detail.asp?aID=2&ID=6467 |
| Tags: |
Add Tag
No Tags, Be the first to tag this record!
|
| Institutions: | Trung tâm Học liệu Trường Đại học Thủ Dầu Một |
|---|
| LEADER | 01202nam a2200217Ia 4500 | ||
|---|---|---|---|
| 001 | TDMU_6467 | ||
| 008 | 210410s9999 xx 000 0 und d | ||
| 082 | |a 306.095 | ||
| 090 | |b L561 | ||
| 100 | |a Lương, Duy Thứ | ||
| 245 | 0 | |a Đại cương văn hóa Phương Đông | |
| 245 | 0 | |c Lương Duy Thữ ( chủ biên), Phan Nhật Chiêu, Phan Thu Hiền | |
| 260 | |a H. | ||
| 260 | |b Giáo dục | ||
| 260 | |c 2000 | ||
| 300 | |a 316tr. | ||
| 520 | |a Trình bày khái quát các nền văn hóa chính của văn hóa Phương Đông với Văn hóa Trung hoa, văn hóa Ấn Độ và một phần văn hóa Nhật Bản từ khởi thủy hình thành cho đến thời đại ngày nay trên những khía cạnh chính của nền văn hóa: tư tưởng, tôn giáo, con người, .. | ||
| 650 | |a Văn hóa Phương Đông; Văn hóa; Phương Đông; Đại cương; Trung Hoa; Ấn Độ; Nhật Bản | ||
| 700 | |a Phan, Nhật Chiêu | ||
| 856 | |u http://lrc.tdmu.edu.vn/opac/search/detail.asp?aID=2&ID=6467 | ||
| 980 | |a Trung tâm Học liệu Trường Đại học Thủ Dầu Một | ||